| 000 | 00900cam a22002895a 4500 | ||
|---|---|---|---|
| 001 | 15050971 | ||
| 005 | 20201128013433.0 | ||
| 008 | 071019t2008 njua frb 001 0 eng d | ||
| 020 | _a0135031656 | ||
| 020 | _a9780135031650 | ||
| 040 |
_aDLC _beng _cDLC _dDLC _dEG-ScBUE |
||
| 082 | 0 | 4 |
_a621.3192 _bNIL _222 |
| 100 | 1 |
_aNilsson, James William. _91212 |
|
| 245 | 1 | 0 |
_aElectric circuits / _cJames W. Nilsson, Susan A. Riedel. |
| 250 | _a8th ed. | ||
| 260 |
_aUpper Saddle River : _bPearson / Prentice Hall, _cc.2008. |
||
| 300 |
_axxii, 855 p. : _bill. (some col.) ; _c27 cm. |
||
| 500 | _aIndex : p. 839-855. | ||
| 504 | _aIncludes bibliographical references. | ||
| 650 | 0 |
_aElectric circuits. _2BUEsh |
|
| 651 | _2BUEsh | ||
| 653 |
_bENGELC _cAugust2015 |
||
| 655 |
_vtext book _933728 |
||
| 700 | 1 |
_aRiedel, Susan A. _919762 |
|
| 700 | 1 |
_aGoel, Lalit, _eeditor. |
|
| 942 |
_k621.3192 NIL _2ddc |
||
| 999 |
_c10249 _d10249 |
||